|
|
|
|
| LEADER |
01147nam a2200301 a 4500 |
| 001 |
38100 |
| 003 |
BD-DhAAL |
| 005 |
20220420190203.0 |
| 008 |
220316t2004 nyu b 001 0 eng d |
| 999 |
|
|
|c 43800
|d 43800
|
| 010 |
|
|
|a 2004268661
|
| 020 |
|
|
|a 0385721862 (pbk.)
|
| 040 |
|
|
|a DLC
|c DLC
|d DLC
|d BD-DhAAL
|
| 050 |
0 |
0 |
|a HF1359
|b .C524 2004
|
| 082 |
0 |
4 |
|a 303.6
|2 21
|
| 100 |
1 |
|
|a Chua, Amy.
|9 47079
|
| 245 |
1 |
0 |
|a World on fire :
|b how exporting free market democracy breeds ethnic hatred and global instability /
|c Amy Chua.
|
| 250 |
|
|
|a FIRST Anchor Books edition
|
| 260 |
|
|
|a New York :
|b Anchor Books,
|c 2004.
|
| 300 |
|
|
|a ix, 346 pages ;
|c 21 cm.
|
| 504 |
|
|
|a Includes bibliographical references and index.
|
| 541 |
|
|
|a Donated By Akbar Ali Khan
|e 38100
|
| 650 |
|
0 |
|a International economic relations.
|9 47080
|
| 650 |
|
0 |
|a Globalization.
|9 47081
|
| 650 |
|
0 |
|a Ethnic conflict.
|9 47082
|
| 852 |
|
|
|a Ayesha Abed Library
|c Akbar Ali Khan Collection
|
| 942 |
|
|
|2 ddc
|c BK
|
| 952 |
|
|
|0 0
|1 0
|2 ddc
|4 0
|6 303_600000000000000_CHU
|7 1
|9 70168
|a BRACUL
|b BRACUL
|c CS1
|d 2022-03-16
|e Donated by Akbar Ali Khan
|l 0
|o 303.6 CHU
|p 3010038100
|r 2022-03-16
|t 1
|w 2022-03-16
|y BK
|